000 00927nam a2200301 i 4500
003 EG-GICUC
005 20260418184817.0
008 260418s1885 enk||||fr|||| 00| 0 eng d
040 _aEG-GiCUC
_beng
_cEG-GiCUC
_dEG-GiCUC
_erda
041 _aeng
082 0 4 _221
_a343.7
_bDU . P
092 0 4 _221
099 _aLaw1 10 343.7 DU . P 1885
100 1 _a Du Cane, Edmund F
_d1830-1903.
_q(Edmund Frederick),
_eAuthor.
245 1 4 _aThe punishment and prevention of crime /
_cBy Edmund F. Du Cane..
264 1 _aLondon :
_bMacmillan and Co,
_c1885.
300 _a235 pages ;
_c24 cm.
336 _2rda content
_atext
337 _2rda media
_aComputer
338 _2rda carrier
_aOnline Resource
504 _aIncludes index.
546 _aText in English
650 1 _aCriminal Law
650 1 _aPenology
856 4 0 _uhttps://fll.law.cu.edu.eg/fulltext/bks/B10-08663.pdf
905 _a43
942 _2ddc
_n0
_cBK
_e21
999 _c71693
_d71693